[Event "36th NED-ch"]
[Site "Leeuwarden NED"]
[Date "1980.03.05"]
[Round "1"]
[White "Bohm, Hans"]
[Black "Van der Sterren, Paul"]
[Result "1-0"]
[WhiteElo "2430"]
[BlackElo "2410"]
[EventDate "1980.03.05"]
[PlyCount "47"]

1.d4 Nf6 2.c4 c5 3.Nf3 cxd4 4.Nxd4 e6 5.Nc3 Bb4 6.Bg5 Qa5 7.Nb5 a6 8.Nd6+ 
Ke7 9.Qd2 Qc5 10.Nde4 Qxc4 11.Qf4 Kf8 12.Bxf6 gxf6 13.e3 Qc6 14.Qh6+ Ke8 
15.Nxf6+ Kd8 16.Rc1 Bf8 17.Qh5 Be7 18.Ng4 Qb6 19.Ne5 Nc6 20.Nxf7+ Kc7 21.
Nd5+ exd5 22.Qe5+ d6 23.Qxe7+ Kb8 24.Qxd6+ 1-0

[Event "36th NED-ch"]
[Site "Leeuwarden NED"]
[Date "1980.03.05"]
[Round "1"]
[White "Langeweg, Christian"]
[Black "Ligterink, Gert"]
[Result "1-0"]
[WhiteElo "2425"]
[BlackElo "2455"]
[EventDate "1980.03.05"]
[PlyCount "86"]

1.d4 Nf6 2.c4 e6 3.Nf3 b6 4.Nc3 Bb7 5.e3 Bb4 6.Bd3 O-O 7.O-O d5 8.cxd5 
exd5 9.a3 Bd6 10.b4 Re8 11.Qb3 c6 12.Bb2 Nbd7 13.Rfe1 Rb8 14.Qc2 Rc8 15.
Rac1 c5 16.bxc5 bxc5 17.dxc5 Nxc5 18.Bf5 Ne6 19.Qa4 Rc4 20.Qd1 d4 21.Nb5 
Rxc1 22.Bxc1 Bxf3 23.gxf3 Bxh2+ 24.Kxh2 Qb8+ 25.Kg1 Qxb5 26.Qd3 Qe5 27.Bd2
Nc5 28.Qc2 d3 29.Bxd3 Rd8 30.Bf1 Qg5+ 31.Bg2 Nd3 32.Rd1 Ne5 33.Kf1 Qh4 34.
Bb4 Re8 35.Qc7 h5 36.Bc3 Qh2 37.Rd8 Rxd8 38.Qxd8+ Kh7 39.Qe7 Ng6 40.Qxf7 
Nh4 41.Bxf6 Qxg2+ 42.Ke1 Nxf3+ 43.Ke2 Qg4 1-0

[Event "36th NED-ch"]
[Site "Leeuwarden NED"]
[Date "1980.03.05"]
[Round "1"]
[White "Van der Vliet, Fredrik"]
[Black "Van Dop, Arend"]
[Result "1/2-1/2"]
[WhiteElo "2380"]
[BlackElo "2320"]
[EventDate "1980.03.05"]
[PlyCount "154"]

1.d4 Nf6 2.c4 g6 3.f3 c5 4.d5 b5 5.e4 d6 6.cxb5 a6 7.bxa6 Bxa6 8.Bxa6 Nxa6
9.Ne2 Bg7 10.O-O O-O 11.Bd2 Qb6 12.Bc3 Nb4 13.a3 Rfb8 14.Nd2 Na6 15.Kh1 
Qb5 16.Rc1 Nc7 17.b4 Rxa3 18.bxc5 dxc5 19.Rb1 Qe8 20.Qc2 Rb5 21.Nc4 Ra8 
22.Be5 Na6 23.d6 Rxb1 24.Rxb1 exd6 25.Bxd6 Nd7 26.Nf4 Nb4 27.Qb3 Qc8 28.
Nd5 Nxd5 29.exd5 Qa6 30.h3 h5 31.Re1 Bd4 32.Bc7 Nf6 33.d6 h4 34.Nb6 Qe2 
35.Qd1 Qxd1 36.Rxd1 Ra7 37.Nc8 Rb7 38.Ne7+ Kf8 39.Nc6 Ke8 40.Nxd4 cxd4 41.
Rxd4 Kd7 42.Rxh4 Ne8 43.Rd4 Rb5 44.Kh2 Rc5 45.Rf4 Nxc7 46.Rxf7+ Kxd6 47.
Rf6+ Ne6 48.Rxg6 Ke7 49.Rg4 Kf6 50.Ra4 Rc2 51.h4 Kf5 52.Ra5+ Kg6 53.Kg3 
Ng7 54.Ra6+ Kf5 55.Kh3 Rc3 56.g4+ Ke5 57.Kg3 Ne6 58.Ra5+ Kf6 59.Rf5+ Kg7 
60.Rd5 Rc1 61.Re5 Kf6 62.Rf5+ Kg6 63.Ra5 Kg7 64.Ra7+ Kf6 65.Rh7 Kg6 66.Rh8
Kg7 67.Ra8 Kf6 68.Ra7 Rb1 69.Ra6 Rc1 70.Ra3 Rg1+ 71.Kf2 Rb1 72.Ra4 Rb2+ 
73.Kg3 Rb3 74.Rc4 Rd3 75.Rc6 Kf7 76.Rc1 Nd4 77.Rf1 Kf6 1/2-1/2

[Event "36th NED-ch"]
[Site "Leeuwarden NED"]
[Date "1980.03.05"]
[Round "1"]
[White "Van der Wiel, John"]
[Black "Van Wijgerden, Cornelis"]
[Result "1-0"]
[WhiteElo "2465"]
[BlackElo "2435"]
[EventDate "1980.03.05"]
[PlyCount "67"]

1.e4 d6 2.d4 Nf6 3.Nc3 g6 4.f4 Bg7 5.Nf3 c5 6.Bb5+ Bd7 7.Bxd7+ Nfxd7 8.Be3
cxd4 9.Bxd4 Nf6 10.e5 dxe5 11.fxe5 Nd5 12.e6 f6 13.Qe2 Nxc3 14.Bxc3 O-O 
15.h4 f5 16.Bxg7 Kxg7 17.h5 Nc6 18.Kf1 Qb6 19.c3 Rad8 20.Rh4 Rd6 21.hxg6 
hxg6 22.Ng5 Qa6 23.c4 Qa5 24.Rh7+ Kf6 25.Qf2 Rd4 26.Nf3 Re4 27.Rd1 Qxa2 
28.Nd2 Rg4 29.Re1 Ne5 30.Qc5 Rf4+ 31.Kg1 Nc6 32.Qe3 Rd4 33.Qh6 Rdd8 34.
Qh4+ 1-0

[Event "36th NED-ch"]
[Site "Leeuwarden NED"]
[Date "1980.03.05"]
[Round "1"]
[White "Vogel, Jaap"]
[Black "Scheeren, Peter"]
[Result "1/2-1/2"]
[WhiteElo "2315"]
[BlackElo "2360"]
[EventDate "1980.03.05"]
[PlyCount "80"]

1.Nf3 Nf6 2.d4 e6 3.g3 b6 4.Bg2 Bb7 5.O-O Be7 6.c4 O-O 7.Nc3 d5 8.Ne5 Na6 
9.b3 c5 10.Bb2 Qc7 11.Nb5 Qc8 12.e3 dxc4 13.bxc4 Rd8 14.Rc1 Nb4 15.Bxb7 
Qxb7 16.a3 Na6 17.Qf3 Qxf3 18.Nxf3 Rdc8 19.Rfd1 cxd4 20.exd4 Nc7 21.Nc3 
Nce8 22.Ne5 Nd6 23.Ne2 Rc7 24.a4 Rac8 25.Ba3 Bf8 26.Rc2 Nd7 27.Nxd7 Rxd7 
28.c5 Nb7 29.c6 Bxa3 30.Rc3 Rdd8 31.cxb7 Rxc3 32.Nxc3 Rb8 33.Nb5 Be7 34.
Nxa7 Rxb7 35.Nb5 g6 36.Rc1 Rb8 37.Rc6 Ra8 38.Rc4 h5 39.Kg2 Kg7 40.Kf3 Kf6 
1/2-1/2

[Event "36th NED-ch"]
[Site "Leeuwarden NED"]
[Date "1980.03.06"]
[Round "2"]
[White "Kuijpers, Franciscus"]
[Black "Van der Wiel, John"]
[Result "1/2-1/2"]
[WhiteElo "2410"]
[BlackElo "2465"]
[EventDate "1980.03.05"]
[PlyCount "87"]

1.e4 c5 2.Nf3 e6 3.d4 cxd4 4.Nxd4 Nf6 5.Nc3 Nc6 6.Ndb5 d6 7.Bf4 e5 8.Bg5 
a6 9.Na3 b5 10.Nd5 Be7 11.Bxf6 Bxf6 12.c3 O-O 13.Nc2 Bg5 14.a4 bxa4 15.
Rxa4 a5 16.Bc4 Kh8 17.O-O f5 18.exf5 Bxf5 19.Nce3 Bd7 20.Bd3 Ne7 21.Qh5 g6
22.Qxg5 Nxd5 23.Qxd8 Rfxd8 24.Ra2 Be6 25.Nxd5 Bxd5 26.c4 Be6 27.Rfa1 Rdb8 
28.f3 Rb4 29.Rxa5 Rxa5 30.Rxa5 Bxc4 31.Bxc4 Rxc4 32.Rd5 Rc6 33.Kf2 Rb6 34.
Rd2 Kg7 35.Ke3 Kf6 36.f4 Rb3+ 37.Kf2 d5 38.Rxd5 Rxb2+ 39.Kf3 Rb3+ 40.Kf2 
exf4 41.g3 Rb2+ 42.Kf3 Rxh2 43.Kxf4 Rf2+ 44.Kg4 1/2-1/2

[Event "36th NED-ch"]
[Site "Leeuwarden NED"]
[Date "1980.03.06"]
[Round "2"]
[White "Ree, Hans"]
[Black "Van Dop, Arend"]
[Result "1/2-1/2"]
[WhiteElo "2520"]
[BlackElo "2320"]
[EventDate "1980.03.05"]
[PlyCount "57"]

1.c4 Nf6 2.Nf3 g6 3.Nc3 d5 4.cxd5 Nxd5 5.Qa4+ Bd7 6.Qh4 Nxc3 7.dxc3 Nc6 8.
e4 e5 9.Qg3 f6 10.Be3 Bd6 11.Nd2 Qe7 12.Bc4 Nd8 13.f3 Bc5 14.Qf2 Bxe3 15.
Qxe3 Ne6 16.O-O-O Qc5 17.Qxc5 Nxc5 18.b4 Na4 19.Kc2 a5 20.a3 Nb6 21.Bb3 
Ke7 22.Nf1 Rhc8 23.Ne3 axb4 24.axb4 c5 25.Kb2 cxb4 26.cxb4 Be6 27.Rc1 Rxc1
28.Rxc1 Rd8 29.Rc7+ 1/2-1/2

[Event "36th NED-ch"]
[Site "Leeuwarden NED"]
[Date "1980.03.06"]
[Round "2"]
[White "Van der Sterren, Paul"]
[Black "Vogel, Jaap"]
[Result "1-0"]
[WhiteElo "2410"]
[BlackElo "2315"]
[EventDate "1980.03.05"]
[PlyCount "105"]

1.e4 e6 2.d4 d5 3.Nc3 Bb4 4.e5 Ne7 5.a3 Bxc3+ 6.bxc3 c5 7.a4 Qc7 8.Nf3 b6 
9.Bb5+ Nec6 10.O-O h6 11.Re1 Bd7 12.Nh4 Na5 13.Qg4 g5 14.Ng6 Rg8 15.Nf4 
Nbc6 16.dxc5 Rh8 17.cxb6 axb6 18.Nh5 O-O-O 19.Qe2 Kb7 20.Ba3 Bc8 21.Rad1 
Ka7 22.Nf6 Bb7 23.Qe3 Ba6 24.Bb4 Bxb5 25.axb5 Nxb4 26.cxb4 Nc4 27.Qf3 Kb7 
28.Ra1 Nxe5 29.Qg3 Ra8 30.Ra6 Nd7 31.Nxd7 Qxd7 32.Qd3 Rhc8 33.Rea1 Rxa6 
34.Rxa6 Ra8 35.Qa3 Qc8 36.h3 Qb8 37.g3 Rxa6 38.Qxa6+ Kc7 39.Qa1 Kd7 40.Qf6
Qf8 41.c3 Kc7 42.Kg2 Kd6 43.Kf3 Kd7 44.Kg4 Qe7 45.Qxh6 f6 46.Qh8 e5 47.Kf3
Qe6 48.Qg7+ Ke8 49.Qc7 Qxh3 50.Qxb6 Qf5+ 51.Ke3 Qe4+ 52.Kd2 d4 53.Qc6+ 1-0

[Event "36th NED-ch"]
[Site "Leeuwarden NED"]
[Date "1980.03.07"]
[Round "3"]
[White "Bohm, Hans"]
[Black "Ree, Hans"]
[Result "1/2-1/2"]
[WhiteElo "2430"]
[BlackElo "2520"]
[EventDate "1980.03.05"]
[PlyCount "25"]

1.c4 Nf6 2.Nc3 c5 3.Nf3 Nc6 4.d4 cxd4 5.Nxd4 e6 6.Bg5 Be7 7.e3 Qa5 8.Nb5 
O-O 9.a3 d5 10.b4 Qd8 11.cxd5 Nxd5 12.Bxe7 Ncxe7 13.Qb3 1/2-1/2

[Event "36th NED-ch"]
[Site "Leeuwarden NED"]
[Date "1980.03.07"]
[Round "3"]
[White "Langeweg, Christian"]
[Black "Kuijpers, Franciscus"]
[Result "1/2-1/2"]
[WhiteElo "2425"]
[BlackElo "2410"]
[EventDate "1980.03.05"]
[PlyCount "55"]

1.d4 Nf6 2.c4 e6 3.Nc3 Bb4 4.e3 O-O 5.Bd3 c5 6.Nf3 d5 7.O-O Nc6 8.a3 Bxc3 
9.bxc3 dxc4 10.Bxc4 Qc7 11.Bd3 e5 12.Qc2 Re8 13.e4 exd4 14.cxd4 Bg4 15.e5 
Bxf3 16.exf6 Nxd4 17.Bxh7+ Kh8 18.fxg7+ Kxg7 19.Bb2 Rad8 20.Rfc1 Rh8 21.
Qxc5 Qxc5 22.Rxc5 Kxh7 23.Bxd4 Rhg8 24.Be5 Rxg2+ 25.Kf1 Rg6 26.Rc3 Bg2+ 
27.Ke2 Re8 28.Re3 1/2-1/2

[Event "36th NED-ch"]
[Site "Leeuwarden NED"]
[Date "1980.03.07"]
[Round "3"]
[White "Van Dop, Arend"]
[Black "Ligterink, Gert"]
[Result "0-1"]
[WhiteElo "2320"]
[BlackElo "2455"]
[EventDate "1980.03.05"]
[PlyCount "66"]

1.d4 Nf6 2.c4 e6 3.g3 c5 4.Nf3 cxd4 5.Nxd4 Bb4+ 6.Bd2 Qb6 7.Bxb4 Qxb4+ 8.
Nc3 a6 9.Qb3 Qc5 10.e3 Nc6 11.O-O-O O-O 12.Be2 d5 13.cxd5 exd5 14.Kb1 Na5 
15.Qc2 b5 16.Bf3 Nc4 17.Nb3 Qb6 18.Nxd5 Nxd5 19.Bxd5 Bb7 20.Bxb7 Qxb7 21.
Nd4 Rfc8 22.Qe2 a5 23.h4 a4 24.h5 h6 25.Qg4 Nd2+ 26.Rxd2 Qxh1+ 27.Rd1 Qd5 
28.Nf5 Qe5 29.Rd5 Qf6 30.Rd6 Rc4 31.f4 Rac8 32.a3 Rc1+ 33.Ka2 Qxb2+ 0-1

[Event "36th NED-ch"]
[Site "Leeuwarden NED"]
[Date "1980.03.07"]
[Round "3"]
[White "Van der Vliet, Fredrik"]
[Black "Van Wijgerden, Cornelis"]
[Result "1/2-1/2"]
[WhiteElo "2380"]
[BlackElo "2435"]
[EventDate "1980.03.05"]
[PlyCount "34"]

1.d4 d5 2.c4 e6 3.Nf3 c6 4.Qc2 Nf6 5.g3 Be7 6.Bg2 O-O 7.O-O Nbd7 8.Rd1 Ne4
9.b3 f5 10.e3 Qe8 11.Ba3 Bxa3 12.Nxa3 Qh5 13.Ne5 Rf6 14.Bf3 Qh3 15.Bg2 Qh5
16.Bf3 Qh3 17.Bg2 Qh5 1/2-1/2

[Event "36th NED-ch"]
[Site "Leeuwarden NED"]
[Date "1980.03.08"]
[Round "4"]
[White "Bohm, Hans"]
[Black "Vogel, Jaap"]
[Result "1/2-1/2"]
[WhiteElo "2430"]
[BlackElo "2315"]
[EventDate "1980.03.05"]
[PlyCount "80"]

1.d4 Nf6 2.c4 e6 3.Nc3 Bb4 4.Qc2 b6 5.Bg5 Bb7 6.f3 h6 7.Bh4 Nc6 8.O-O-O 
Bxc3 9.Qxc3 Qe7 10.Kb1 d6 11.e3 e5 12.Bd3 g5 13.Be1 e4 14.fxe4 Nxe4 15.Qc2
f5 16.Ne2 O-O-O 17.Rf1 Rhf8 18.g4 Rde8 19.gxf5 Nf6 20.d5 Ne5 21.h3 g4 22.
Nf4 Nxd3 23.Qxd3 Qxe3 24.Ne6 Qxd3+ 25.Rxd3 Rf7 26.Rg1 h5 27.Bc3 Rg8 28.
hxg4 hxg4 29.Rdg3 b5 30.Bxf6 Rxf6 31.Rxg4 Rxg4 32.Rxg4 bxc4 33.Rg8+ Kd7 
34.Rg7+ Kc8 35.Rg8+ Kd7 36.Rg7+ Kc8 37.Rxc7+ Kb8 38.Rxc4 Rxf5 39.Nf4 Bxd5 
40.Rd4 Bc6 1/2-1/2

[Event "36th NED-ch"]
[Site "Leeuwarden NED"]
[Date "1980.03.08"]
[Round "4"]
[White "Kuijpers, Franciscus"]
[Black "Van der Vliet, Fredrik"]
[Result "1-0"]
[WhiteElo "2410"]
[BlackElo "2380"]
[EventDate "1980.03.05"]
[PlyCount "82"]

1.e4 c5 2.Nf3 d6 3.d4 cxd4 4.Nxd4 Nf6 5.Nc3 a6 6.f4 Qc7 7.Be2 e5 8.Nb3 Be7
9.O-O Be6 10.a4 Nbd7 11.Kh1 O-O 12.f5 Bc4 13.Bg5 h6 14.Bh4 Rfe8 15.Nd2 d5 
16.Bxc4 dxc4 17.Qe2 Bb4 18.g4 Bxc3 19.bxc3 Qc6 20.g5 hxg5 21.Bxg5 Nc5 22.
Bxf6 gxf6 23.a5 Rad8 24.Rab1 Na4 25.Qe3 Kf8 26.Rb4 Rd7 27.Rfb1 Red8 28.
Rxc4 Qd6 29.Nf1 Qa3 30.Kg2 Nb2 31.Rb4 Nd1 32.Qh6+ Ke8 33.Rb6 Nxc3 34.R1b3 
Qe7 35.Qh8+ Qf8 36.Qxf8+ Kxf8 37.Rxc3 Rd4 38.Ng3 Rd2+ 39.Kh3 Kg7 40.Nh5+ 
Kh6 41.Nxf6 Kg5 1-0

[Event "36th NED-ch"]
[Site "Leeuwarden NED"]
[Date "1980.03.08"]
[Round "4"]
[White "Scheeren, Peter"]
[Black "Langeweg, Christian"]
[Result "1/2-1/2"]
[WhiteElo "2360"]
[BlackElo "2425"]
[EventDate "1980.03.05"]
[PlyCount "101"]

1.d4 Nf6 2.c4 e6 3.g3 c5 4.d5 exd5 5.cxd5 d6 6.Nc3 g6 7.Bg2 Bg7 8.Nf3 O-O 
9.O-O Nbd7 10.Bf4 Qe7 11.e4 a6 12.a4 Rb8 13.Re1 Ng4 14.Nd2 Nde5 15.h3 g5 
16.Bxe5 Nxe5 17.Qe2 Bd7 18.Nf1 c4 19.Ne3 Nd3 20.Rf1 b5 21.axb5 axb5 22.Ra7
Qd8 23.Qh5 Bd4 24.Rxd7 Qxd7 25.Nf5 Bxc3 26.Qxg5+ Kh8 27.bxc3 f6 28.Qe3 Qc7
29.Rb1 Qc5 30.Qh6 Rf7 31.Kh2 Rg8 32.Qe3 Rb8 33.Qh6 Nxf2 34.Nd4 b4 35.Nc6 
Rg8 36.cxb4 Qb6 37.Rc1 Nd3 38.Rc2 Rg6 39.Qd2 Rfg7 40.g4 h5 41.Bf3 Ne5 42.
Nxe5 fxe5 43.Rxc4 Rf7 44.Kg2 Rf4 45.Qc1 hxg4 46.Rc8+ Rg8 47.Rxg8+ Kxg8 48.
Qc8+ Kg7 49.Qd7+ Rf7 50.Qxg4+ Kh7 51.Qh4+ 1/2-1/2

[Event "36th NED-ch"]
[Site "Leeuwarden NED"]
[Date "1980.03.08"]
[Round "4"]
[White "Van Wijgerden, Cornelis"]
[Black "Van Dop, Arend"]
[Result "1/2-1/2"]
[WhiteElo "2435"]
[BlackElo "2320"]
[EventDate "1980.03.05"]
[PlyCount "86"]

1.c4 Nf6 2.Nc3 d5 3.cxd5 Nxd5 4.g3 g6 5.Bg2 Nxc3 6.bxc3 Bg7 7.Rb1 Nd7 8.
Nf3 Nb6 9.O-O O-O 10.Qc2 Bd7 11.d3 Ba4 12.Qd2 Bc6 13.c4 e5 14.Nh4 Qd7 15.
Qb4 Rfe8 16.Bxc6 Qxc6 17.Be3 Rab8 18.Qb5 Qe6 19.a4 Nc8 20.Nf3 Nd6 21.Qb3 
b6 22.Rfc1 Nf5 23.Bd2 c5 24.e4 Ne7 25.a5 Nc6 26.axb6 axb6 27.Bc3 Red8 28.
Qc2 Bh6 29.Rd1 Rd7 30.Qe2 Ra7 31.Ra1 Rxa1 32.Rxa1 Qd6 33.Ne1 Bg7 34.Nc2 
Rd8 35.Rd1 Bh6 36.Kg2 Ra8 37.Ne1 Bg7 38.Qb2 Rb8 39.Ra1 Bh6 40.Ra3 Qc7 41.
Nf3 f6 42.Qa2 Bf8 43.Ne1 Qd6 1/2-1/2

[Event "36th NED-ch"]
[Site "Leeuwarden NED"]
[Date "1980.03.08"]
[Round "4"]
[White "Van der Sterren, Paul"]
[Black "Van der Wiel, John"]
[Result "0-1"]
[WhiteElo "2410"]
[BlackElo "2465"]
[EventDate "1980.03.05"]
[PlyCount "72"]

1.d4 Nf6 2.c4 e6 3.Nc3 Bb4 4.a3 Bxc3+ 5.bxc3 c5 6.f3 Qa5 7.Bd2 d6 8.e4 Nc6
9.Bd3 cxd4 10.cxd4 Qb6 11.Ne2 e5 12.Rb1 Qc7 13.d5 Nb8 14.Nc3 Bd7 15.Nb5 
Bxb5 16.cxb5 Nbd7 17.O-O O-O 18.a4 Nc5 19.Be2 Qe7 20.Re1 Nfd7 21.Qc2 Rac8 
22.Rbc1 Kh8 23.Bf1 f5 24.exf5 Qf7 25.Bg5 Rce8 26.g4 g6 27.fxg6 Qxf3 28.Re3
Qxg4+ 29.Rg3 Qe4 30.Rh3 Rxf1+ 31.Kxf1 Kg7 32.Rxh7+ Kxg6 33.Rxd7 Nd3 34.Be7
Qf5+ 35.Kg1 Rg8 36.Rf1 Kh5+ 0-1

[Event "36th NED-ch"]
[Site "Leeuwarden NED"]
[Date "1980.03.10"]
[Round "5"]
[White "Langeweg, Christian"]
[Black "Van der Sterren, Paul"]
[Result "1-0"]
[WhiteElo "2425"]
[BlackElo "2410"]
[EventDate "1980.03.05"]
[PlyCount "79"]

1.d4 Nf6 2.c4 e6 3.Nf3 b6 4.Nc3 Bb7 5.e3 Bb4 6.Bd3 Ne4 7.O-O Bxc3 8.bxc3 
f5 9.Ne1 O-O 10.f3 Ng5 11.Nc2 d6 12.a4 Nd7 13.a5 e5 14.Be2 Ne6 15.a6 Bc8 
16.Nb4 Nf6 17.dxe5 dxe5 18.Nc6 Qe8 19.Nxe5 Bxa6 20.Ba3 c5 21.Bc1 Bb7 22.
Qc2 Nd7 23.Nd3 Qf7 24.Rd1 Nc7 25.Bf1 Rfd8 26.Nf4 Re8 27.Qf2 Ne5 28.Qg3 Re7
29.Ra2 Nxc4 30.Qh4 Nxe3 31.Bxe3 Rxe3 32.Rad2 Rae8 33.Rd7 R3e7 34.Rxe7 Qxe7
35.Bc4+ Nd5 36.Qxe7 Rxe7 37.Nxd5 Bxd5 38.Rxd5 g6 39.Rxc5+ Kg7 40.Rc6 1-0

[Event "36th NED-ch"]
[Site "Leeuwarden NED"]
[Date "1980.03.10"]
[Round "5"]
[White "Van Dop, Arend"]
[Black "Kuijpers, Franciscus"]
[Result "1/2-1/2"]
[WhiteElo "2320"]
[BlackElo "2410"]
[EventDate "1980.03.05"]
[PlyCount "40"]

1.d4 Nf6 2.c4 e6 3.g3 d5 4.Bg2 dxc4 5.Nf3 Be7 6.O-O O-O 7.Qc2 a6 8.Qxc4 b5
9.Qc2 Bb7 10.Bd2 Be4 11.Qc1 Nbd7 12.Ba5 Rc8 13.Nbd2 Ba8 14.Qc2 Nb8 15.Nb3 
Nc6 16.Bd2 Nb4 17.Bxb4 Bxb4 18.Rfc1 Bd6 19.Nc5 a5 20.e3 Re8 1/2-1/2

[Event "36th NED-ch"]
[Site "Leeuwarden NED"]
[Date "1980.03.10"]
[Round "5"]
[White "Van der Vliet, Fredrik"]
[Black "Scheeren, Peter"]
[Result "1-0"]
[WhiteElo "2380"]
[BlackElo "2360"]
[EventDate "1980.03.05"]
[PlyCount "79"]

1.d4 Nf6 2.c4 g6 3.g3 Bg7 4.Bg2 O-O 5.Nf3 d6 6.O-O Nbd7 7.Nc3 e5 8.e4 c6 
9.h3 Qb6 10.Re1 Re8 11.d5 a5 12.Rb1 Nc5 13.Be3 Qc7 14.Nd2 Bd7 15.Bf1 Reb8 
16.dxc6 Bxc6 17.Qc2 Ne6 18.Rbc1 Rc8 19.Qb1 Nd7 20.Nd5 Qd8 21.Red1 Ndc5 22.
b3 Rcb8 23.Re1 Nd4 24.Bxd4 exd4 25.Nf3 Bd7 26.Rcd1 d3 27.Kg2 b5 28.Bxd3 b4
29.Bc2 a4 30.bxa4 Nxa4 31.Bb3 Nc3 32.Nxc3 Bxc3 33.Re3 Qf6 34.c5 Rd8 35.
Rxd6 Qe7 36.Qd1 Be6 37.e5 Rdc8 38.Bxe6 fxe6 39.Qb3 Re8 40.Red3 1-0

[Event "36th NED-ch"]
[Site "Leeuwarden NED"]
[Date "1980.03.11"]
[Round "6"]
[White "Kuijpers, Franciscus"]
[Black "Ligterink, Gert"]
[Result "1/2-1/2"]
[WhiteElo "2410"]
[BlackElo "2455"]
[EventDate "1980.03.05"]
[PlyCount "72"]

1.e4 c5 2.Nf3 Nc6 3.d4 cxd4 4.Nxd4 Nf6 5.Nc3 d6 6.Bg5 e6 7.Qd2 Be7 8.O-O-O
O-O 9.f4 h6 10.Bh4 Bd7 11.Nf3 Qa5 12.Kb1 Rfc8 13.Bd3 b5 14.Ne2 b4 15.Nc1 
e5 16.f5 d5 17.Nb3 Qc7 18.Bxf6 Bxf6 19.exd5 Ne7 20.Ba6 Nxf5 21.Bxc8 Rxc8 
22.d6 Qc4 23.Qd3 Qxd3 24.cxd3 Nxd6 25.Rhe1 Bf5 26.Nxe5 Re8 27.Nf3 Rxe1 28.
Nxe1 Nc4 29.Nc5 Nxb2 30.Rc1 Bc3 31.Rc2 Nc4 32.Re2 Nd6 33.Ne4 Nxe4 34.dxe4 
Be6 35.Nd3 Bc4 36.Re3 a5 1/2-1/2

[Event "36th NED-ch"]
[Site "Leeuwarden NED"]
[Date "1980.03.11"]
[Round "6"]
[White "Ree, Hans"]
[Black "Van Wijgerden, Cornelis"]
[Result "1/2-1/2"]
[WhiteElo "2520"]
[BlackElo "2435"]
[EventDate "1980.03.05"]
[PlyCount "73"]

1.d4 f5 2.c4 Nf6 3.Nc3 g6 4.g3 Bg7 5.Bg2 O-O 6.Nh3 e6 7.O-O d6 8.b3 c6 9.
Ba3 Qc7 10.Rc1 Rd8 11.d5 Qe7 12.Nf4 e5 13.dxc6 bxc6 14.Nfd5 Nxd5 15.cxd5 
c5 16.b4 cxb4 17.Bxb4 Na6 18.Ba5 Rd7 19.Nb5 Bb7 20.e4 Nc5 21.exf5 gxf5 22.
Bb4 Ba6 23.Nxd6 Nd3 24.Nxf5 Qxb4 25.Rb1 Qf8 26.Qg4 Kh8 27.d6 Rad8 28.Bd5 
Nc5 29.Rfd1 Bd3 30.Rxd3 Nxd3 31.Be6 Rxd6 32.Rb7 Rxe6 33.Rxg7 Rg6 34.Rxg6 
hxg6 35.Qh4+ Kg8 36.Qc4+ Kh8 37.Qh4+ 1/2-1/2

[Event "36th NED-ch"]
[Site "Leeuwarden NED"]
[Date "1980.03.11"]
[Round "6"]
[White "Scheeren, Peter"]
[Black "Van Dop, Arend"]
[Result "1-0"]
[WhiteElo "2360"]
[BlackElo "2320"]
[EventDate "1980.03.05"]
[PlyCount "89"]

1.d4 Nf6 2.c4 g6 3.Nc3 d5 4.Nf3 Bg7 5.Qb3 dxc4 6.Qxc4 O-O 7.e4 Bg4 8.Be3 
Nfd7 9.O-O-O Na6 10.Qa4 Nb6 11.Qa5 c6 12.Bxa6 bxa6 13.Qxa6 Qd6 14.Rd3 Bc8 
15.Qa5 Nc4 16.Qa4 Be6 17.b3 Nxe3 18.fxe3 a5 19.e5 Qc7 20.Ne2 Rfc8 21.Rc3 
Qb6 22.Rc5 Bh6 23.Kd2 Bd5 24.Nc3 Be6 25.Rc1 Bf5 26.Qc4 Qd8 27.Rxc6 Rxc6 
28.Qxc6 Rc8 29.Qb7 Rb8 30.Qa7 Ra8 31.Qc5 Rc8 32.Qa3 Bf8 33.Na4 Rb8 34.Qc5 
Rc8 35.Qb6 Qe8 36.Qxa5 Ra8 37.Qc7 Rc8 38.Qb7 Rb8 39.Qa6 e6 40.Qc6 Bb4+ 41.
Ke2 Qf8 42.Nb6 Qh6 43.Nd7 Rd8 44.Nf6+ Kg7 45.g4 1-0

[Event "36th NED-ch"]
[Site "Leeuwarden NED"]
[Date "1980.03.11"]
[Round "6"]
[White "Van der Sterren, Paul"]
[Black "Van der Vliet, Fredrik"]
[Result "0-1"]
[WhiteElo "2410"]
[BlackElo "2380"]
[EventDate "1980.03.05"]
[PlyCount "84"]

1.e4 c5 2.Nf3 d6 3.d4 cxd4 4.Nxd4 Nf6 5.Nc3 a6 6.Be2 e5 7.Nb3 Be7 8.O-O 
Be6 9.f4 Qc7 10.Qd3 b5 11.Qg3 Nbd7 12.Be3 b4 13.Nd5 Bxd5 14.exd5 O-O 15.
fxe5 Nxe5 16.Rad1 Qxc2 17.Nd4 Qg6 18.Nf5 Rfe8 19.Qh3 Bf8 20.Rf4 a5 21.Bb6 
Rec8 22.Ne3 Nfd7 23.Bd4 Qg5 24.Rh4 h6 25.Rf1 g6 26.Ng4 h5 27.Be3 Qe7 28.
Nxe5 Nxe5 29.Qg3 Bg7 30.Re4 Rc2 31.Bg5 Qa7+ 32.Kh1 Qb7 33.Rd1 Rac8 34.h3 
Rxb2 35.Bxh5 Rcc2 36.Bf3 Rxa2 37.Qh4 Qc8 38.Rf1 b3 39.Rf4 b2 40.Bf6 Rc1 
41.Bd1 Qf8 42.Bc2 Rxc2 0-1

[Event "36th NED-ch"]
[Site "Leeuwarden NED"]
[Date "1980.03.12"]
[Round "7"]
[White "Langeweg, Christian"]
[Black "Bohm, Hans"]
[Result "1/2-1/2"]
[WhiteElo "2425"]
[BlackElo "2430"]
[EventDate "1980.03.05"]
[PlyCount "72"]

1.d4 Nf6 2.c4 e6 3.Nf3 b6 4.Nc3 Bb4 5.e3 Bb7 6.Bd3 Ne4 7.O-O Bxc3 8.bxc3 
f5 9.Ne1 Nxc3 10.Qh5+ g6 11.Qh6 Qf6 12.a4 Ne4 13.Qf4 d6 14.Bxe4 Bxe4 15.f3
Bb7 16.Bb2 Nd7 17.Nd3 O-O 18.Rfc1 Qe7 19.a5 c5 20.Qh6 Rfe8 21.Ra3 Qf8 22.
Qf4 Rac8 23.axb6 axb6 24.Ra7 Rc7 25.Rca1 Qe7 26.Qh6 Nf8 27.h4 cxd4 28.Bxd4
e5 29.Bxb6 Rxc4 30.Rxb7 Qxb7 31.Ra7 Rxh4 32.Qxf8+ Rxf8 33.Rxb7 Rc4 34.Rd7 
Rc6 35.Bc7 Rf7 36.Rd8+ Rf8 1/2-1/2

[Event "36th NED-ch"]
[Site "Leeuwarden NED"]
[Date "1980.03.12"]
[Round "7"]
[White "Van Dop, Arend"]
[Black "Van der Sterren, Paul"]
[Result "0-1"]
[WhiteElo "2320"]
[BlackElo "2410"]
[EventDate "1980.03.05"]
[PlyCount "160"]

1.d4 Nf6 2.c4 g6 3.g3 Bg7 4.Bg2 O-O 5.Nc3 d6 6.Nf3 Nc6 7.O-O a6 8.d5 Na5 
9.Nd2 c5 10.Qc2 Rb8 11.b3 e5 12.Bb2 b5 13.Rae1 Nh5 14.e3 Bf5 15.Nce4 Nb7 
16.f4 Re8 17.Qc1 Na5 18.Bc3 exf4 19.exf4 Bd4+ 20.Bxd4 cxd4 21.c5 dxc5 22.
Qxc5 Qb6 23.Qxb6 Rxb6 24.Rc1 Rd8 25.b4 Nc4 26.Nxc4 bxc4 27.Rxc4 Rxd5 28.
Nf2 Rd8 29.Rd1 d3 30.Rd2 Nf6 31.a3 Re6 32.Rc1 h5 33.Bf3 Ng4 34.Bxg4 hxg4 
35.Kf1 Kg7 36.Rc3 Re3 37.Nd1 Rf3+ 38.Rf2 Rxf2+ 39.Kxf2 Rh8 40.Kg1 Re8 41.
Kf1 Bd7 42.Nb2 d2 43.Kf2 Bb5 44.Re3 Rc8 45.a4 Rc2 46.Nd1 Bxa4 47.Ra3 Bb5 
48.Ke3 Kf6 49.Rc3 Ra2 50.Rc5 Ke6 51.Re5+ Kd6 52.Re4 f5 53.Rd4+ Ke6 54.Nc3 
d1=N+ 55.Rxd1 Rxh2 56.Rd2 Rh1 57.Ra2 Rg1 58.Kf2 Rf1+ 59.Kg2 Bc4 60.Ra5 Rc1
61.Na4 Kd6 62.Nc5 Rc2+ 63.Kg1 Rb2 64.Nb7+ Kc6 65.Rc5+ Kxb7 66.Rxc4 Kb6 67.
Rd4 Kb5 68.Rd6 Rxb4 69.Rxg6 Rd4 70.Kf2 a5 71.Ke3 Rd5 72.Rh6 a4 73.Rh1 a3 
74.Rb1+ Ka4 75.Ra1 Kb3 76.Rb1+ Kc2 77.Rb8 a2 78.Ra8 Kb3 79.Rb8+ Ka4 80.Rb2
Ka3 0-1

[Event "36th NED-ch"]
[Site "Leeuwarden NED"]
[Date "1980.03.12"]
[Round "7"]
[White "Van Wijgerden, Cornelis"]
[Black "Kuijpers, Franciscus"]
[Result "1/2-1/2"]
[WhiteElo "2435"]
[BlackElo "2410"]
[EventDate "1980.03.05"]
[PlyCount "39"]

1.c4 e6 2.Nc3 d5 3.d4 Be7 4.Nf3 Nf6 5.cxd5 exd5 6.Bg5 c6 7.e3 Bf5 8.Bd3 
Bxd3 9.Qxd3 Nbd7 10.O-O O-O 11.Rab1 a5 12.Nd2 Re8 13.Rfc1 Bd6 14.Nf1 Qe7 
15.Bh4 Qe6 16.Bg3 Bf8 17.Ne2 Ne4 18.Qb3 Ra7 19.Nf4 Qf6 20.Nd3 1/2-1/2

[Event "36th NED-ch"]
[Site "Leeuwarden NED"]
[Date "1980.03.12"]
[Round "7"]
[White "Van der Wiel, John"]
[Black "Vogel, Jaap"]
[Result "1/2-1/2"]
[WhiteElo "2465"]
[BlackElo "2315"]
[EventDate "1980.03.05"]
[PlyCount "87"]

1.e4 e6 2.d4 d5 3.Nd2 Nf6 4.e5 Nfd7 5.c3 c5 6.f4 Nc6 7.Ndf3 f5 8.Bd3 Be7 
9.Ne2 Nf8 10.Be3 c4 11.Bc2 b5 12.a3 Bd7 13.Rg1 h5 14.g3 a5 15.h3 b4 16.Kd2
b3 17.Bb1 Qc7 18.g4 hxg4 19.hxg4 g6 20.Ng5 Rh2 21.Qe1 Bxg5 22.fxg5 Bc8 23.
Bf4 Rxe2+ 24.Qxe2 Ra7 25.Rh1 Qf7 26.Rh8 Qg7 27.Rh6 Qg8 28.gxf5 exf5 29.e6 
Qxe6 30.Qxe6+ Bxe6 31.Bd6 Rg7 32.Bd3 cxd3 33.Re1 Nd8 34.Rh8 Rf7 35.c4 dxc4
36.d5 Kd7 37.Bxf8 Bxd5 38.Re5 Be6 39.Rxa5 Nc6 40.Rb5 Nd4 41.Rb6 Nf3+ 42.
Kd1 Nxg5 43.Bb4 f4 44.Ra8 1/2-1/2